[Event "Bratto op-C 35th"]
[Site "Bratto"]
[Date "2015.08.25"]
[Round "3.3"]
[White "Greco, Umberto"]
[Black "Colonetti, Fabio"]
[Result "0-1"]
[WhiteElo "1731"]
[BlackElo "1638"]
[PlyCount "108"]
[EventDate "2015.08.23"]
[EventType "swiss"]
[EventRounds "8"]
[EventCountry "ITA"]
[SourceTitle "EXT 2022"]
[Source "ChessBase"]
[SourceDate "2021.10.06"]
[SourceVersion "1"]
[SourceVersionDate "2021.10.06"]
[SourceQuality "1"]

1. c4 e5 2. Nc3 Nc6 3. g3 f5 4. d3 Nf6 5. Bg2 Bc5 6. Na4 Bb4+ 7. Bd2 Be7 8. Nc3 a6 9. Bg5 d6 10. h3 Nd4 11. Nf3 Ne6 12. Bxf6 Bxf6 13. Nd5 0-0 14. Nd2 Bg5 15. e3 c6 16. Nc3 f4 17. exf4 exf4 18. g4 Nd4 19. Nf3 Re8+ 20. Kd2 Nxf3+ 21. Qxf3 Bh4 22. Rae1 Bd7 23. Rxe8+ Bxe8 24. Kc2 Qf6 25. Re1 Bg6 26. Re2 Re8 27. Rxe8+ Bxe8 28. Qe2 Bf7 29. a3 Qd4 30. Nd1 Bg6 31. Qe6+ Kf8 32. Qc8+ Be8 33. Qf5+ Ke7 34. Qe4+ Qxe4 35. Bxe4 h6 36. Bf5 Kd8 37. Kd2 Bf6 38. b3 Bf7 39. Ke2 d5 40. a4 g6 41. g5 Bxg5 42. Bg4 dxc4 43. dxc4 b5 44. axb5 axb5 45. Kd3 Bf6 46. Bf3 Kc7 47. Nc3 bxc4+ 48. bxc4 Be6 49. Bg4 Bxg4 50. hxg4 Bxc3 51. Kxc3 h5 52. Kd3 h4 53. Ke2 Kd6 54. Kf3 h3 0-1

[Event "Omegna op-B 2nd"]
[Site "Omegna"]
[Date "2014.08.09"]
[Round "2"]
[White "Greco, Umberto"]
[Black "Ciochetta, Giovanni"]
[Result "1/2-1/2"]
[WhiteElo "1707"]
[BlackElo "1549"]
[PlyCount "123"]
[EventDate "2014.08.08"]
[EventType "swiss"]
[EventRounds "5"]
[EventCountry "ITA"]
[SourceTitle "EXT 2015"]
[Source "ChessBase"]
[SourceDate "2014.11.20"]
[SourceVersion "1"]
[SourceVersionDate "2014.11.20"]
[SourceQuality "1"]

1. c4 Nf6 2. Nc3 e6 3. Nf3 Nc6 4. e3 Bb4 5. a3 Bxc3 6. bxc3 0-0 7. d4 d5 8. cxd5 exd5 9. c4 Bg4 10. h3 Bh5 11. Be2 Bxf3 12. Bxf3 dxc4 13. Bxc6 bxc6 14. 0-0 Qd5 15. Bd2 Rfb8 16. Qc2 Ne4 17. Rfc1 Nd6 18. Bb4 Rb6 19. Bxd6 cxd6 20. Qxc4 Qxc4 21. Rxc4 Rc8 22. Rac1 f6 23. a4 a5 24. Kf1 Kf7 25. Ke2 Ke7 26. h4 Kd7 27. g3 Ra8 28. R1c2 Raa6 29. Ra2 Rb4 30. Rxb4 axb4 31. a5 c5 32. d5 Kc7 33. Kd3 Ra8 34. Kc4 Rb8 35. e4 Kb7 36. g4 Ka6 37. f3 Rb5 38. f4 Rxa5 39. Rxa5+ Kxa5 40. g5 fxg5 41. hxg5 Kb6 42. f5 Kc7 43. f6 gxf6 44. gxf6 Kd7 45. e5 dxe5 46. Kxc5 b3 47. d6 b2 48. f7 b1Q 49. f8Q Qc2+ 50. Kb4 Qd2+ 51. Kb5 Qxd6 52. Qf7+ Qe7 53. Qd5+ Ke8 54. Qg8+ Kd7 55. Qd5+ Kc7 56. Qc6+ Kb8 57. Qg2 e4 58. Qg8+ Kc7 59. Qc4+ Kd8 60. Qg8+ Qe8+ 61. Qxe8+ Kxe8 62. Kc4 1/2-1/2

[Event "Omegna op-B 2nd"]
[Site "Omegna"]
[Date "2014.08.09"]
[Round "3"]
[White "Lantschner, Alexander"]
[Black "Greco, Umberto"]
[Result "0-1"]
[WhiteElo "1562"]
[BlackElo "1707"]
[PlyCount "89"]
[EventDate "2014.08.08"]
[EventType "swiss"]
[EventRounds "5"]
[EventCountry "ITA"]
[SourceTitle "EXT 2015"]
[Source "ChessBase"]
[SourceDate "2014.11.20"]
[SourceVersion "1"]
[SourceVersionDate "2014.11.20"]
[SourceQuality "1"]

1. e4 c5 2. Bc4 Nc6 3. d3 Nf6 4. Nc3 g6 5. Nf3 d6 6. h3 Bg7 7. Be3 b6 8. Qd2 0-0 9. Bh6 e6 10. Bxg7 Kxg7 11. a3 Bd7 12. 0-0 a6 13. Ne2 b5 14. Ba2 b4 15. Bb3 bxa3 16. Rxa3 a5 17. Rfa1 Qc7 18. Ba4 Nb4 19. Bxd7 Nxd7 20. c3 Nc6 21. Nh2 Nf6 22. b4 cxb4 23. cxb4 Nxb4 24. Rc1 Qd7 25. Qb2 Rfb8 26. Ng4 e5 27. Nxf6 Kxf6 28. Qd2 Kg7 29. Ng3 Rc8 30. Rxc8 Qxc8 31. Rc3 Qa6 32. Qg5 Kf8 33. Rc7 Kg8 34. Nh5 d5 35. Qxe5 gxh5 36. Qxh5 Qg6 37. Qf3 dxe4 38. dxe4 Rd8 39. Qb3 Qe6 40. Qg3+ Qg6 41. Qb3 Qg7 42. f3 Qg6 43. Qc4 Qe6 44. Qc1 Qd6 45. Qg5+ 0-1

[Event "Ceriano Laghetto op-B 23rd"]
[Site "Ceriano Laghetto"]
[Date "2014.03.16"]
[Round "4"]
[White "Greco, Umberto"]
[Black "Kupresakovic, Marko"]
[Result "1/2-1/2"]
[WhiteElo "1703"]
[BlackElo "1939"]
[PlyCount "116"]
[EventDate "2014.03.14"]
[EventType "swiss"]
[EventRounds "5"]
[EventCountry "ITA"]
[SourceTitle "EXT 2015"]
[Source "ChessBase"]
[SourceDate "2014.11.20"]
[SourceVersion "1"]
[SourceVersionDate "2014.11.20"]
[SourceQuality "1"]

1. c4 b6 2. Nc3 Bb7 3. Nf3 e6 4. d3 d5 5. cxd5 exd5 6. d4 Nf6 7. Bg5 Be7 8. e3 0-0 9. Bd3 Re8 10. 0-0 h6 11. Bxf6 Bxf6 12. b4 c5 13. bxc5 bxc5 14. Qb3 Qb6 15. Nxd5 Qxb3 16. Nxf6+ gxf6 17. axb3 Bxf3 18. gxf3 cxd4 19. Be4 Nd7 20. Bxa8 Rxa8 21. exd4 Nb6 22. Ra5 Rd8 23. Rxa7 Rxd4 24. Rb7 Nd7 25. Rxd7 Rxd7 26. Rb1 Rb7 27. b4 Rb5 28. Kf1 Kf8 29. Ke2 Ke7 30. Kd3 Kd6 31. Kc4 Rf5 32. Rb3 Kc6 33. Re3 Kd6 34. Rd3+ Kc6 35. Re3 h5 36. h3 Rf4+ 37. Kb3 Kb5 38. Rd3 Rxb4+ 39. Kc3 Rh4 40. Kd2 Rxh3 41. Ke2 Kc6 42. Kf1 Rh4 43. Kg2 Rf4 44. Kg3 Rf5 45. Rd4 Re5 46. Rf4 f5 47. Kh4 Kd6 48. Kxh5 Ke6 49. Kh4 Re1 50. Ra4 Rg1 51. Kh3 Ke5 52. Kh2 Rg7 53. Rb4 f6 54. Ra4 Rg6 55. Rb4 Rg7 56. f4+ Kd5 57. f3 Re7 58. Kg3 Rg7+ 1/2-1/2

[Event "Ceriano Laghetto op-B 23rd"]
[Site "Ceriano Laghetto"]
[Date "2014.03.15"]
[Round "2"]
[White "Greco, Umberto"]
[Black "Confalonieri, Luca"]
[Result "1-0"]
[WhiteElo "1703"]
[BlackElo "1640"]
[PlyCount "71"]
[EventDate "2014.03.14"]
[EventType "swiss"]
[EventRounds "5"]
[EventCountry "ITA"]
[SourceTitle "EXT 2015"]
[Source "ChessBase"]
[SourceDate "2014.11.20"]
[SourceVersion "1"]
[SourceVersionDate "2014.11.20"]
[SourceQuality "1"]

1. c4 Nf6 2. Nc3 g6 3. Nf3 Bg7 4. g3 d6 5. Bg2 e5 6. d3 Be6 7. 0-0 Nc6 8. a3 Qd7 9. Re1 h5 10. h4 Nd4 11. Ng5 c6 12. Nxe6 Qxe6 13. b4 Ng4 14. Rb1 Rc8 15. b5 Nf5 16. bxc6 bxc6 17. Qa4 0-0 18. Bxc6 e4 19. Nxe4 Bd4 20. Bd7 Qe5 21. Bf4 Qe7 22. Bxc8 Rxc8 23. Qa6 Rd8 24. Rb7 Qe8 25. Qb5 Qe6 26. Qd5 Qe8 27. e3 Bc5 28. Bg5 Rb8 29. Rxb8 Qxb8 30. Nf6+ Nxf6 31. Bxf6 Bxa3 32. Qb5 Qa8 33. Rb1 a5 34. Qb8+ Qxb8 35. Rxb8+ Kh7 36. Rh8# 1-0

[Event "Ceriano Laghetto op-B 23rd"]
[Site "Ceriano Laghetto"]
[Date "2014.03.15"]
[Round "3"]
[White "Pinna, Ferdinando"]
[Black "Greco, Umberto"]
[Result "1-0"]
[WhiteElo "1952"]
[BlackElo "1703"]
[PlyCount "73"]
[EventDate "2014.03.14"]
[EventType "swiss"]
[EventRounds "5"]
[EventCountry "ITA"]
[SourceTitle "EXT 2015"]
[Source "ChessBase"]
[SourceDate "2014.11.20"]
[SourceVersion "1"]
[SourceVersionDate "2014.11.20"]
[SourceQuality "1"]

1. e4 c5 2. Nf3 Nc6 3. d4 cxd4 4. Nxd4 Nf6 5. Nc3 g6 6. Nxc6 bxc6 7. e5 Nh5 8. Bc4 e6 9. Ne4 Qa5+ 10. Bd2 Qxe5 11. Bd3 d5 12. 0-0 Bg7 13. Ng5 Qc7 14. Re1 0-0 15. Nxh7 Kxh7 16. Qxh5+ Kg8 17. Qh4 Bxb2 18. Rab1 Bg7 19. c4 d4 20. f4 Qd8 21. Qg3 Bf6 22. Qf3 Bd7 23. Be4 Qc7 24. g3 Rab8 25. h4 Rxb1 26. Rxb1 Rb8 27. Rb3 c5 28. h5 gxh5 29. Rxb8+ Qxb8 30. Qxh5 Bg7 31. Bh7+ Kf8 32. Qxc5+ Ke8 33. Bb4 Qd8 34. Qxa7 Bc6 35. Bg8 Bd7 36. Qc5 d3 37. Qd6 1-0

[Event "Ceriano Laghetto op-B 22nd"]
[Site "Ceriano Laghetto"]
[Date "2013.03.03"]
[Round "4"]
[White "Galli, Agostino"]
[Black "Greco, Umberto"]
[Result "1/2-1/2"]
[WhiteElo "1685"]
[BlackElo "1707"]
[PlyCount "142"]
[EventDate "2013.03.01"]
[EventType "swiss"]
[EventRounds "5"]
[EventCountry "ITA"]
[SourceTitle "EXT 2024"]
[Source "ChessBase"]
[SourceDate "2023.10.10"]
[SourceVersion "1"]
[SourceVersionDate "2023.10.10"]
[SourceQuality "1"]

1. d4 Nf6 2. Bg5 g6 3. Bxf6 exf6 4. Nf3 Bg7 5. e4 0-0 6. Nc3 d6 7. Bd3 Nc6 8. 0-0 Nb4 9. a3 Nxd3 10. Qxd3 f5 11. Rfe1 fxe4 12. Nxe4 Bf5 13. Qb3 b6 14. c3 Be6 15. Qd1 Bh6 16. d5 Bg4 17. h3 Bd7 18. Nfd2 f5 19. Ng3 Qf6 20. Qc2 Rae8 21. Nf3 Qd8 22. Nd4 Re5 23. Qb3 Rfe8 24. Rxe5 Rxe5 25. Nf3 Re7 26. Re1 Rxe1+ 27. Nxe1 Qe7 28. Nf3 Kh8 29. c4 Bg7 30. Nf1 c6 31. Ne3 c5 32. Qc2 f4 33. Nd1 Bf5 34. Qd2 g5 35. Kf1 h6 36. Nc3 Kh7 37. b4 a6 38. bxc5 bxc5 39. a4 Qf6 40. Na2 Qb2 41. Ke2 Qxd2+ 42. Kxd2 Bd7 43. a5 Bf6 44. Nc3 Bf5 45. Na4 Bd8 46. Nb6 Kg7 47. Kc3 Bf6+ 48. Kb3 Kf7 49. Na8 Bd8 50. Nb6 Ke8 51. Nd2 Bd3 52. Kc3 Bf5 53. Kb2 Bxb6 54. axb6 Kd7 55. Kb3 Kc8 56. Ka4 Kb7 57. Ka5 Bd3 58. g3 fxg3 59. fxg3 h5 60. h4 g4 61. Ka4 Kxb6 62. Kb3 Ka5 63. Kc3 Bg6 64. Nf1 Kb6 65. Ne3 Kc7 66. Ng2 a5 67. Nf4 Bf7 68. Kb3 Kb6 69. Ka3 Be8 70. Ne6 Bg6 71. Nf4 Be8 1/2-1/2

[Event "Ceriano Laghetto op-B 22nd"]
[Site "Ceriano Laghetto"]
[Date "2013.03.02"]
[Round "2"]
[White "Brioschi, Camillo"]
[Black "Greco, Umberto"]
[Result "0-1"]
[WhiteElo "1831"]
[BlackElo "1707"]
[PlyCount "76"]
[EventDate "2013.03.01"]
[EventType "swiss"]
[EventRounds "5"]
[EventCountry "ITA"]
[SourceTitle "EXT 2024"]
[Source "ChessBase"]
[SourceDate "2023.10.10"]
[SourceVersion "1"]
[SourceVersionDate "2023.10.10"]
[SourceQuality "1"]

1. d4 Nf6 2. c4 g6 3. Nc3 Bg7 4. e4 d6 5. Be2 0-0 6. f4 Nfd7 7. Nf3 c5 8. d5 Na6 9. 0-0 Nc7 10. Be3 a6 11. a4 Rb8 12. Qd2 Nf6 13. Qc2 Ng4 14. Bd2 Bd7 15. h3 Nf6 16. e5 Nh5 17. Kh2 Bh8 18. Bd3 b5 19. axb5 axb5 20. Ne4 bxc4 21. Bxc4 Bb5 22. g4 Ng7 23. b3 Nge8 24. Rfe1 dxe5 25. fxe5 Nxd5 26. Bxd5 Qxd5 27. Qxc5 Qxb3 28. Re3 Qb2 29. Ra7 Ng7 30. Qxe7 Ne6 31. Nf6+ Bxf6 32. exf6 Bc6 33. Rxe6 Bxf3 34. Rd7 Qa2 35. Red6 Rbe8 36. Ra7 Qb2 37. Qd7 Qe5+ 38. Kg1 Qg3+ 0-1

[Event "Monza e Brianza Province-ch"]
[Site "Barlassina"]
[Date "2013.02.??"]
[Round "?"]
[White "Greco, Umberto"]
[Black "Lapiccirella, Daniele"]
[Result "0-1"]
[WhiteElo "1702"]
[BlackElo "2193"]
[PlyCount "60"]
[EventDate "2013.02.01"]
[EventType "swiss"]
[EventRounds "5"]
[EventCountry "ITA"]
[SourceTitle "EXT 2014"]
[Source "ChessBase"]
[SourceDate "2013.11.20"]
[SourceVersion "1"]
[SourceVersionDate "2013.11.20"]
[SourceQuality "1"]

1. c4 c6 2. Nf3 d5 3. b3 Nf6 4. g3 Bg4 5. Bg2 Nbd7 6. 0-0 e5 7. Bb2 Bd6 8. d3 0-0 9. Nc3 d4 10. Nb1 h6 11. Ba3 c5 12. Nfd2 Qc7 13. Ne4 Nxe4 14. Bxe4 f5 15. Bg2 Rae8 16. Bc1 e4 17. f3 exf3 18. exf3 Bh5 19. Na3 a6 20. Qc2 f4 21. g4 Bg6 22. Rd1 Ne5 23. Bb2 Qe7 24. Kf2 Qh4+ 25. Kg1 Nxg4 26. fxg4 f3 27. Bxf3 Rxf3 28. Qg2 Bxh2+ 29. Qxh2 Rg3+ 30. Qxg3 Qxg3+ 0-1

[Event "Lombardia Region-ch"]
[Site "Solaro"]
[Date "2011.05.29"]
[Round "4"]
[White "Monticelli, Francesco"]
[Black "Greco, Umberto"]
[Result "1/2-1/2"]
[WhiteElo "1667"]
[BlackElo "1702"]
[PlyCount "121"]
[EventDate "2011.05.27"]
[EventType "swiss"]
[EventRounds "5"]
[EventCountry "ITA"]
[SourceTitle "EXT 2023"]
[Source "ChessBase"]
[SourceDate "2022.10.05"]
[SourceVersion "1"]
[SourceVersionDate "2022.10.05"]
[SourceQuality "1"]

1. e4 e5 2. Nf3 Nc6 3. Bc4 Bc5 4. c3 Nf6 5. d3 0-0 6. 0-0 h6 7. Re1 a6 8. a4 a5 9. Be3 Bxe3 10. Rxe3 d6 11. h3 Ne7 12. d4 Ng6 13. dxe5 Nxe5 14. Nxe5 dxe5 15. Nd2 b6 16. Qe2 Bd7 17. Rd3 Qe7 18. Nf3 Rad8 19. Rad1 Bxa4 20. Rxd8 Rxd8 21. Rxd8+ Qxd8 22. Nxe5 Be8 23. f3 Kf8 24. Qd3 Qxd3 25. Nxd3 Ke7 26. Kf2 Nd7 27. f4 f6 28. Ke3 Kd6 29. Kd4 c5+ 30. Ke3 Bg6 31. g3 Kc6 32. Bd5+ Kd6 33. c4 Be8 34. b3 Nb8 35. e5+ fxe5 36. fxe5+ Ke7 37. Nf4 Nd7 38. Nd3 Bg6 39. Be4 Bf7 40. Bd5 Bg6 41. Be4 Bh5 42. Bf3 Bxf3 43. Kxf3 Nb8 44. Ke4 Nc6 45. Nf4 Nd4 46. Nd5+ Ke6 47. Nxb6 Nxb3 48. Na4 g5 49. g4 Nd2+ 50. Kd3 Nxc4 51. Kxc4 Kxe5 52. Nxc5 Kf4 53. Ne6+ Kg3 54. Nd4 Kxh3 55. Nf5 Kxg4 56. Nxh6+ Kh4 57. Nf5+ Kh5 58. Kb5 g4 59. Ng3+ Kh4 60. Ne4 Kh3 61. Kxa5 1/2-1/2

[Event "Ceriano Laghetto op-B 17th"]
[Site "Ceriano Laghetto"]
[Date "2008.03.30"]
[Round "4"]
[White "Greco, Umberto"]
[Black "Rizzi, Pietro"]
[Result "1-0"]
[WhiteElo "1650"]
[BlackElo "1607"]
[PlyCount "93"]
[EventDate "2008.03.28"]
[EventType "swiss"]
[EventRounds "5"]
[EventCountry "ITA"]
[SourceTitle "EXT 2011"]
[Source "ChessBase"]
[SourceDate "2010.11.26"]
[SourceVersion "1"]
[SourceVersionDate "2010.11.26"]
[SourceQuality "1"]

1. d4 f5 2. c4 Nf6 3. Nc3 g6 4. Nf3 Bg7 5. Bf4 0-0 6. e3 d6 7. Be2 c6 8. c5 Ne4 9. Qb3+ d5 10. Be5 Nd7 11. Bf4 Ndf6 12. h3 Nxc3 13. Qxc3 Ne4 14. Qc2 Qa5+ 15. Nd2 g5 16. Bh2 Qxd2+ 17. Qxd2 Nxd2 18. Kxd2 f4 19. b4 e5 20. exf4 exd4 21. Bd3 gxf4 22. Rae1 Bf5 23. Re7 Bxd3 24. Kxd3 b6 25. Rhe1 bxc5 26. bxc5 a5 27. Rc7 Rae8 28. Rxe8 Rxe8 29. Bxf4 Re1 30. Rxc6 Rd1+ 31. Kc2 Rf1 32. Bg3 Ra1 33. Rd6 Rxa2+ 34. Kb3 Ra1 35. Rxd5 Rc1 36. Bf4 Rc3+ 37. Ka4 Kf7 38. Kxa5 Ke6 39. Rh5 d3 40. Kb4 Rc2 41. Rxh7 Bd4 42. c6 Bxf2 43. c7 Bg3 44. Bxg3 d2 45. Rh6+ Kf5 46. Rd6 Ke4 47. Rxd2 1-0

[Event "Ceriano Laghetto op-B 17th"]
[Site "Ceriano Laghetto"]
[Date "2008.03.30"]
[Round "5"]
[White "Primerano, Carlo"]
[Black "Greco, Umberto"]
[Result "1/2-1/2"]
[WhiteElo "1750"]
[BlackElo "1650"]
[PlyCount "54"]
[EventDate "2008.03.28"]
[EventType "swiss"]
[EventRounds "5"]
[EventCountry "ITA"]
[SourceTitle "EXT 2011"]
[Source "ChessBase"]
[SourceDate "2010.11.26"]
[SourceVersion "1"]
[SourceVersionDate "2010.11.26"]
[SourceQuality "1"]

1. d4 Nf6 2. c4 g6 3. Nc3 d5 4. Nf3 Bg7 5. Bg5 Ne4 6. cxd5 Nxc3 7. bxc3 Qxd5 8. Qd2 Bg4 9. h3 Bxf3 10. gxf3 e5 11. e4 Qa5 12. f4 exf4 13. Bxf4 Nd7 14. Be3 Nb6 15. Rb1 0-0-0 16. Rb5 Qa4 17. Qb2 Rhe8 18. Qb3 Qxb3 19. axb3 f5 20. e5 h6 21. Kd1 Nd5 22. Bd2 c6 23. Rxd5 Rxd5 24. Bc4 Ra5 25. Kc2 b5 26. b4 Ra6 27. Bf7 Re7 1/2-1/2

[Event "Ceriano Laghetto op-B 17th"]
[Site "Ceriano Laghetto"]
[Date "2008.03.28"]
[Round "1"]
[White "Colombo, Sandro"]
[Black "Greco, Umberto"]
[Result "1-0"]
[WhiteElo "1859"]
[BlackElo "1650"]
[PlyCount "75"]
[EventDate "2008.03.28"]
[EventType "swiss"]
[EventRounds "5"]
[EventCountry "ITA"]
[SourceTitle "EXT 2011"]
[Source "ChessBase"]
[SourceDate "2010.11.26"]
[SourceVersion "1"]
[SourceVersionDate "2010.11.26"]
[SourceQuality "1"]

1. c4 c5 2. Nf3 Nf6 3. Nc3 Nc6 4. d4 cxd4 5. Nxd4 g6 6. e4 Bg7 7. Be3 0-0 8. Be2 a6 9. h4 h5 10. Qd2 Re8 11. Rd1 d6 12. Nxc6 bxc6 13. c5 Bb7 14. cxd6 Qxd6 15. Qxd6 exd6 16. Rxd6 Nxe4 17. Nxe4 Rxe4 18. Rd7 Rb4 19. b3 Bc3+ 20. Kf1 Bc8 21. Rc7 Bf6 22. Bc4 Be6 23. Bxe6 fxe6 24. Rxc6 Kf7 25. g3 a5 26. Kg2 a4 27. Rc7+ Ke8 28. Bc5 Re4 29. b4 a3 30. b5 Re2 31. b6 Bd8 32. b7 Rb8 33. Rg7 Rb2 34. Rd1 R8xb7 35. Rg8+ Kf7 36. Rf8+ Kg7 37. Rdxd8 Rxa2 38. Bd4+ 1-0

[Event "Ceriano Laghetto Autunno op"]
[Site "Ceriano Laghetto"]
[Date "2006.12.12"]
[Round "6"]
[White "Greco, Umberto"]
[Black "Megassini, Stefano"]
[Result "1/2-1/2"]
[WhiteElo "1575"]
[BlackElo "1527"]
[PlyCount "54"]
[EventDate "2006.11.07"]
[EventType "swiss"]
[EventRounds "6"]
[EventCountry "ITA"]
[SourceTitle "EXT 2011"]
[Source "ChessBase"]
[SourceDate "2010.11.26"]
[SourceVersion "1"]
[SourceVersionDate "2010.11.26"]
[SourceQuality "1"]

1. Nf3 d6 2. d4 Nf6 3. c4 g6 4. Bg5 Bg7 5. Nc3 0-0 6. e4 Bg4 7. Be2 c5 8. d5 Nbd7 9. 0-0 Ne5 10. Nxe5 Bxe2 11. Qxe2 dxe5 12. Rad1 Ne8 13. Qe3 Nd6 14. b3 b6 15. Bh6 Bxh6 16. Qxh6 f6 17. Rd3 Nf7 18. Qh3 Ng5 19. Qg4 Qc8 20. Qxc8 Raxc8 21. Rfd1 Nf7 22. Nb5 Nd6 23. Nc3 a6 24. f3 Kf7 25. Na4 Rb8 26. Nc3 Rfd8 27. Kf2 b5 1/2-1/2

[Event "Ceriano Laghetto Autunno op"]
[Site "Ceriano Laghetto"]
[Date "2006.12.05"]
[Round "5"]
[White "Regorda, Massimiliano"]
[Black "Greco, Umberto"]
[Result "1-0"]
[WhiteElo "1862"]
[BlackElo "1575"]
[PlyCount "67"]
[EventDate "2006.11.07"]
[EventType "swiss"]
[EventRounds "6"]
[EventCountry "ITA"]
[SourceTitle "EXT 2011"]
[Source "ChessBase"]
[SourceDate "2010.11.26"]
[SourceVersion "1"]
[SourceVersionDate "2010.11.26"]
[SourceQuality "1"]

1. e4 c5 2. Nf3 Nc6 3. Bb5 Nd4 4. Nxd4 cxd4 5. Bc4 e5 6. d3 Nf6 7. f4 Bb4+ 8. Bd2 Bxd2+ 9. Qxd2 d6 10. 0-0 Ng4 11. fxe5 Nxe5 12. Qf2 Be6 13. Bxe6 fxe6 14. Qxd4 Qc7 15. Nc3 Qc5 16. Qxc5 dxc5 17. Nb5 Ke7 18. Rf2 a6 19. Nc3 Rhf8 20. Raf1 Rxf2 21. Rxf2 Rf8 22. Rxf8 Kxf8 23. Na4 Nd7 24. Kf2 Kf7 25. Ke3 Kf6 26. d4 c4 27. Nc5 Nxc5 28. dxc5 e5 29. b4 cxb3 30. cxb3 Ke6 31. b4 h6 32. Kd3 Kd7 33. Kc4 Kc6 34. a4 1-0

[Event "Ceriano Laghetto Autunno op"]
[Site "Ceriano Laghetto"]
[Date "2006.11.21"]
[Round "3"]
[White "Regorda, Vittorio"]
[Black "Greco, Umberto"]
[Result "1-0"]
[WhiteElo "1885"]
[BlackElo "1575"]
[PlyCount "101"]
[EventDate "2006.11.07"]
[EventType "swiss"]
[EventRounds "6"]
[EventCountry "ITA"]
[SourceTitle "EXT 2011"]
[Source "ChessBase"]
[SourceDate "2010.11.26"]
[SourceVersion "1"]
[SourceVersionDate "2010.11.26"]
[SourceQuality "1"]

1. c4 c5 2. Nc3 Nc6 3. g3 g6 4. Bg2 Bg7 5. e4 e5 6. d3 d6 7. Nge2 Nge7 8. 0-0 0-0 9. Bg5 Bg4 10. Nd5 f6 11. Be3 Nxd5 12. cxd5 Nd4 13. f3 Nxe2+ 14. Qxe2 Bd7 15. Qd2 b5 16. b4 cxb4 17. Qxb4 Qe7 18. Rfc1 a5 19. Qb2 Rfc8 20. Rxc8+ Rxc8 21. Rc1 Rxc1+ 22. Qxc1 Qd8 23. a3 Qc8 24. Qxc8+ Bxc8 25. Bd2 a4 26. Kf2 Kf7 27. Ke2 Bf8 28. Kd1 Be7 29. Ba5 Ke8 30. Kc2 Bd8 31. Bb4 Kd7 32. Bh3+ f5 33. exf5 Ke8 34. Bxd6 Bf6 35. g4 g5 36. Bf1 Kd7 37. Bc5 Bb7 38. d4 Bxd5 39. Bxb5+ Bc6 40. Bxc6+ Kxc6 41. Kd3 Kd5 42. dxe5 Bxe5 43. Be7 Bxh2 44. Bxg5 Bd6 45. Bc1 Be7 46. f4 Bd6 47. g5 Bf8 48. Bb2 Bd6 49. Ke3 Bc5+ 50. Kf3 Bf8 51. g6 1-0

[Event "Ceriano Laghetto op-B 15th"]
[Site "Ceriano Laghetto"]
[Date "2006.04.02"]
[Round "5"]
[White "Ronconi, Fausto"]
[Black "Greco, Umberto"]
[Result "1-0"]
[WhiteElo "1703"]
[BlackElo "1605"]
[PlyCount "145"]
[EventDate "2006.03.31"]
[EventType "swiss"]
[EventRounds "5"]
[EventCountry "ITA"]
[SourceTitle "EXT 2011"]
[Source "ChessBase"]
[SourceDate "2010.11.26"]
[SourceVersion "1"]
[SourceVersionDate "2010.11.26"]
[SourceQuality "1"]

1. d4 d5 2. c4 c6 3. cxd5 cxd5 4. Nf3 Nf6 5. Nc3 Nc6 6. Bf4 Bf5 7. e3 e6 8. Be2 Bb4 9. 0-0 0-0 10. Rc1 Rc8 11. a3 Bxc3 12. Rxc3 Qb6 13. Rb3 Qd8 14. Rxb7 a5 15. Ne5 Nxe5 16. Bxe5 Rc2 17. Bd3 Bxd3 18. Qxd3 Qc8 19. Qb5 Ne4 20. Qd7 Qxd7 21. Rxd7 Rxb2 22. Ra7 Nd2 23. Re1 Nc4 24. h3 Re8 25. Bc7 Nxa3 26. Rxa5 Nc4 27. Ra7 h6 28. Rea1 Nd2 29. Be5 Ne4 30. f3 Nd2 31. Rd7 Rc8 32. Bc7 Rb1+ 33. Rxb1 Nxb1 34. Rd8+ Rxd8 35. Bxd8 Nd2 36. Kf2 Nc4 37. Ke2 Kf8 38. Bc7 Ke7 39. e4 Kd7 40. Bf4 Kc6 41. Bd2 h5 42. Bb4 Kb5 43. Be7 Nb2 44. g4 hxg4 45. hxg4 Kc4 46. exd5 Kxd5 47. Bf8 g6 48. Bg7 Kc4 49. d5 Na4 50. dxe6 fxe6 51. Ke3 Nc5 52. Kf4 Kd5 53. Kg5 e5 54. Kxg6 e4 55. fxe4+ Nxe4 56. Kf5 Nd6+ 57. Kf6 Ne4+ 58. Ke7 Ng5 59. Bh6 Nf3 60. Kf6 Ke4 61. Bc1 Ne5 62. g5 Ng4+ 63. Ke6 Ne5 64. Bd2 Ng6 65. Kf6 Ne5 66. Bc3 Ng4+ 67. Ke6 Ne3 68. g6 Nf5 69. Be5 Nh6 70. g7 Ng8 71. Bb2 Kf4 72. Bc1+ Kg4 73. Kf7 1-0

[Event "Ceriano Laghetto op-B 15th"]
[Site "Ceriano Laghetto"]
[Date "2006.04.01"]
[Round "2"]
[White "Greco, Umberto"]
[Black "Bettini, Massimo"]
[Result "0-1"]
[WhiteElo "1605"]
[BlackElo "1916"]
[PlyCount "46"]
[EventDate "2006.03.31"]
[EventType "swiss"]
[EventRounds "5"]
[EventCountry "ITA"]
[SourceTitle "EXT 2011"]
[Source "ChessBase"]
[SourceDate "2010.11.26"]
[SourceVersion "1"]
[SourceVersionDate "2010.11.26"]
[SourceQuality "1"]

1. d4 Nf6 2. c4 g6 3. Nc3 Bg7 4. Nf3 d6 5. e4 0-0 6. Bd3 e5 7. d5 Na6 8. 0-0 Nh5 9. Be3 Nf4 10. Qd2 g5 11. Ne2 Qe7 12. g3 Bg4 13. Bxf4 gxf4 14. Nh4 f3 15. Nc1 Bf6 16. Nf5 Bxf5 17. exf5 Bg5 18. Qd1 e4 19. Re1 Nc5 20. b4 Qf6 21. bxc5 Qxa1 22. Bxe4 Rae8 23. Nb3 Qxd1 0-1